Ben 10 Aliens - Statistics

General Stats
  • This quiz has been taken 881 times
  • The average score is 29 of 62
Answer Stats
Answer % Correct
Fourarms
91%
Heatblast
86%
Diamondhead
84%
XLR8
83%
Grey Matter
80%
Wildmutt
77%
Swampfire
75%
Cannonbolt
74%
Ghostfreak
73%
Upgrade
73%
Way Big
71%
Stinkfly
70%
Alien X
69%
Ripjaws
67%
Echo Echo
66%
Wildvine
65%
Big Chill
63%
Jetray
60%
Ditto
55%
Goop
55%
Chromastone
54%
Spidermonkey
54%
Upchuck
52%
Brainstorm
48%
Rath
47%
Blitzwolfer
46%
Snare-oh
46%
Waterhazard
46%
Feedback
45%
Frankenstrike
45%
NRG
45%
Eye Guy
44%
Humungousaur
43%
Armodrillo
39%
Bloxx
39%
Fasttrack
39%
Terraspin
37%
Buzzshock
36%
Spitter
36%
Arctiguana
35%
Clockwork
35%
Atomix
34%
Lodestar
34%
Nanomech
33%
The Worst
32%
Ampfibian
31%
Gravattack
31%
Jury Rigg
28%
Shocksquatch
27%
Crashhopper
26%
Chamalien
25%
Eatle
25%
Pesky Dust
25%
Toepick
25%
Whampire
25%
Kickin Hawk
23%
Ball Weevil
22%
Molestache
22%
Gutrot
21%
Walkatrout
21%
Astrodactyl
20%
Bullfrag
19%
No matching quizzes found
Score Distribution
Percent of People with Each Score
Percentile by Number Answered
Your Score History
You have not taken this quiz